Meranie a vyhodnotenie výkonnosti podnikov po finančnej stránke v zmysle medzinárodných štandardov

Výkonnosť podniku po finančnej stránke v zmysle medzinárodných štandardov. Finančná analýza podniku. Meranie a prístup k finančnej výkonnosti podniku. Pyramidálna zostava stupňov finančného riadenia. Vyhodnotenie výkonnosti podniku podľa IAS/IFRS.

Salvato in:
Dettagli Bibliografici
Autore principale: Sekáč, Peter, 1974-
Natura: Capitolo di libro
Lingua:slovacco
Soggetti:
Tags: Aggiungi Tag
Nessun Tag, puoi essere il primo ad aggiungerne!!

MARC

LEADER 00000naa$a2200000$$$4500
001 0260316
005 20240502074123.4
041 0 |a slo 
044 |a SK 
245 1 0 |a Meranie a vyhodnotenie výkonnosti podnikov po finančnej stránke v zmysle medzinárodných štandardov  |c Peter Sekáč 
520 |a Výkonnosť podniku po finančnej stránke v zmysle medzinárodných štandardov. Finančná analýza podniku. Meranie a prístup k finančnej výkonnosti podniku. Pyramidálna zostava stupňov finančného riadenia. Vyhodnotenie výkonnosti podniku podľa IAS/IFRS. 
610 2 0 |a analýza finančná 
610 2 0 |a výkonnosť podniku 
610 2 0 |a štandardy účtovné medzinárodné 
610 2 0 |a IFRS 
100 1 |a Sekáč, Peter, 1974-